O mercador de ideias (Registo nº 200060)
[ vista simples ]
| 000 -Etiqueta do registo | |
|---|---|
| Valores | 00588nam 22002053 4500 |
| 021 ## - Número do Depósito Legal | |
| Código do país | Portugal |
| Número | 4862/84 |
| 100 ## - Dados gerais de processamento | |
| Dados gerais | 20260120d u||y0pory50 ba |
| 200 ## - Titulo e menção de responsabilidade | |
| Título próprio | O mercador de ideias |
| Primeira menção de responsabilidade | Philippe Berthet, Antonio Cossu |
| 210 ## - Publicação | |
| Local de publicação | Lisboa |
| Nome do editor | Meribérica/ Liber |
| Data de publicação | D.L. 1984 |
| 215 ## - Descrição física | |
| Paginação / Volumes | 48 p. |
| Outras indicações físicas | il. ; brochado |
| Dimensões | 29 cm |
| 606 ## - Nome comum usado como assunto | |
| ID Autoridade | 1586 |
| Palavra de ordem | Desenho Artístico |
| 610 ## - Termos não controlados | |
| Palavra de ordem | Banda Desenhada |
| 675 ## - CDU | |
| Notação | 74 |
| Edição | PT |
| Língua | por |
| 700 ## - Autor principal (pessoa individual) | |
| ID Autoridade | 15866 |
| Apelido | Berthet |
| Nome | Philippe |
| Datas | 1956- |
| 701 ## - Co-autor principal (pessoa individual) | |
| ID Autoridade | 15867 |
| Apelido | Cossu |
| Nome | Antonio |
| Datas | 1952- |
| 801 ## - Fonte de origem | |
| País | PT |
| Agência | BMMN |
| Regras de catalogação | RPC |
| 830 ## - Notas gerais do catalogador | |
| Criado por | Isabel |
| 990 ## - Elementos KOHA | |
| Tipo de documento | Livro |
| Situação do levantamento | Biblioteca de origem | Código de barras | Cota | Permissão de empréstimo | Tipo de documento | Forma de aquisição |
|---|---|---|---|---|---|---|
| Biblioteca Municipal de Montemor-o-Novo | 29128 | 74 BER|AJ | Livro | Oferta |